Find Five Missing European Countries in 15 Seconds - Map - Statistics

General Stats
  • This quiz has been taken 1,408 times
  • The average score is 4 of 5
Answers on the Map
Answers color-coded by a green-red scale on the quiz's map according to % correct below.
 
Answer Stats
Country % Correct
Greece
78%
Netherlands
75%
Denmark
74%
Estonia
68%
Iceland
61%
No matching quizzes found
Score Distribution
Percent of People with Each Score
Percentile by Number Answered
Your Score History
You have not taken this quiz